| 000 | 01318nam a2200349 a 4500 | ||
|---|---|---|---|
| 001 | 000111179 | ||
| 003 | CHAP | ||
| 005 | 20220329144201.0 | ||
| 008 | 150114s2014 mx a fsm |||||||spa d | ||
| 010 | _a107641 | ||
| 011 | _a108613 | ||
| 040 | _cCHAP | ||
| 090 | _aTesis | ||
| 100 | 1 |
_aGonzález Martínez, Roberto _9128997 |
|
| 245 | 1 | 0 |
_aEfecto de composta, fertilizante químico y fertilizante foliar en el rendimiento y sus componentes en frijol (Phaseolus vulgaris L.) de temporal _h[En línea] _cpor Roberto González Martínez. |
| 260 |
_aChapingo, Méx. : _bEl autor, _c2014. |
||
| 500 | _aPara ver el contenido del material haga clic en la liga | ||
| 502 | _aTesis (Ing. Agr. Esp. en Fitotecnia) -- UACH. Departamento de Fitotecnia | ||
| 590 |
_aE11695DGD _b10 _c20150115 _lUCH01 _h1407 |
||
| 590 |
_aE5995AHE _b05 _c20150114 _lUCH01 _h1330 |
||
| 590 |
_aE5995AHE _b05 _c20150114 _lUCH01 _h1337 |
||
| 590 |
_aE5995AHE _b05 _c20150114 _lUCH01 _h1416 |
||
| 650 | 1 | 4 |
_aCompost. _926105 |
| 650 | 1 | 4 |
_aFertilización (Química) _940446 |
| 650 | 1 | 4 |
_aFertilización foliar. _940445 |
| 650 | 1 | 4 |
_aFertilizantes _xEfecto en frijol. _940511 |
| 650 | 1 | 4 |
_aFrijol _xRendimiento. _943429 |
| 856 |
_aFinding aid _uhttp://10.13.5.2/tesis/sist111179.pdf _zTeclea aquí |
||
| 901 | _aBK | ||
| 942 | _cTESIS | ||
| 942 | _n0 | ||
| 999 |
_c107641 _d107641 |
||